000 00591nam a2200217Ia 4500
003 OSt
005 20220923231006.0
006 a|||||r|||| 00| 0
007 ta
008 220922b |||||||| |||| 00| 0 pan d
024 _a350,175
037 _cTextual
040 _aARTS
_cARTS
_bpan
041 _2pan
_apan
082 _aO153,3N20x, P2
245 0 _aਸੱਤੋਖ ਸਿੰਘ ਧੀਰ ਦੀਆਂ 51 ਕਹਾਣੀਆਂ
260 _c2002
650 _aਪੰਜਾਬੀ ਸਾਹਿਤ
942 _hO153,3N20x, P2
_cTEXL
_2CC
999 _c388650
_d388650